|
|
|
|
| LEADER |
00000nam0a2200000 4500 |
| 001 |
306903 |
| 005 |
20231102001935.0 |
| 020 |
|
|
|a RU
|b 82-67885
|
| 035 |
|
|
|a (RuTPU)RU\TPU\book\332180
|
| 090 |
|
|
|a 306903
|
| 100 |
|
|
|a 20151013d1982 km y0rusy5003 ca
|
| 101 |
0 |
|
|a rus
|
| 102 |
|
|
|a RU
|
| 105 |
|
|
|a y z 001zy
|
| 200 |
1 |
|
|a Органический синтез в двухфазных системах
|f Л. А. Яновская, С. С. Юфит
|
| 210 |
|
|
|a Москва
|c Химия
|d 1982
|
| 215 |
|
|
|a 184 с.
|
| 320 |
|
|
|a Библиогр.: с. 166-179
|
| 320 |
|
|
|a Предм. указ.: с. 180-184
|
| 606 |
1 |
|
|a Органический синтез, каталитический
|x (химия)
|2 stltpush
|3 (RuTPU)RU\TPU\subj\75478
|9 87242
|
| 610 |
1 |
|
|a двухфазные системы
|
| 610 |
1 |
|
|a межфазный катализ
|
| 610 |
1 |
|
|a химические реакции
|
| 610 |
1 |
|
|a реакции замещения
|
| 610 |
1 |
|
|a неорганические анионы
|
| 610 |
1 |
|
|a органические анионы
|
| 610 |
1 |
|
|a реакции присоединения
|
| 675 |
|
|
|a 547.057
|v 3
|
| 700 |
|
1 |
|a Яновская
|b Л. А.
|g Людмила Александровна
|4 070
|
| 701 |
|
1 |
|a Юфит
|b С. С.
|g Сергей Самойлович
|4 070
|
| 801 |
|
0 |
|a RU
|b RuMRKP
|c 19950704
|g psbo
|
| 801 |
|
1 |
|a RU
|b 63413507
|c 20151013
|
| 801 |
|
2 |
|a RU
|b 63413507
|c 20190605
|g RCR
|
| 942 |
|
|
|c BK
|